000 00706nam a2200253Ia 4500
003 OSt
005 20220918183636.0
006 a|||||r|||| 00| 0
007 ta
008 220917b |||||||| |||| 00| 0 eng d
024 _a39,418
037 _cTextual
040 _aARTS
_cARTS
_beng
041 _2eng
_aeng
082 _aO15:f, K9
100 _aTripathi Bhagirath Prasad
_963251
245 0 _aAnusakdhana Paddhati
260 _aVaranasi
_bVaranaseya Sanskrit Vishvavidyalaya
_c1969
300 _a50p.
_ccm.
490 _aSampurnananda granthamala; 8
650 _aENGLISH LITERATURE
942 _hO15:f, K9
_cTEXL
_2CC
999 _c173307
_d173307